Markets (Record no. 83905)
[ view plain ]
| 000 -LEADER | |
|---|---|
| fixed length control field | 01181cab a22002415a 4500 |
| 001 - CONTROL NUMBER | |
| control field | L155715 |
| 008 - FIXED-LENGTH DATA ELEMENTS--GENERAL INFORMATION | |
| fixed length control field | 120410e2012 xxk 000 0 eng d |
| 035 ## - SYSTEM CONTROL NUMBER | |
| System control number | (Sirsi) u155715 |
| 041 0# - LANGUAGE CODE | |
| Language code of text/sound track or separate title | eng |
| 100 1# - MAIN ENTRY--PERSONAL NAME | |
| Personal name | Stewart, Sarah |
| 245 00 - TITLE STATEMENT | |
| Title | Markets |
| Remainder of title | Herts, Beds, Bucks and Oxon |
| 260 ## - PUBLICATION, DISTRIBUTION, ETC. | |
| Date of publication, distribution, etc. | 2012 |
| 490 #0 - SERIES STATEMENT | |
| Series statement | Property Week |
| Volume/sequential designation | 78(13) 30 March 2012, 43-50(4) |
| 520 ## - SUMMARY, ETC. | |
| Summary, etc. | Laing O'Rourke appoint Augur Group as new development manager for Vauxhall's stalled Napier Park and Stirling Place sites in Luton. Highlights three regional shopping centres that are reinvigorating their retail offer in competition with London's Westfield supermalls: Secklow Gate in Milton Keynes; Westgate Oxford shopping centre, and Value Retail's highly popular Bicester Village. Dorchester Group can begin the phased construction of its Heyford Park, Oxfordshire, residential scheme. Arla Foods is on track to build the UK's largest dairy in Aylesbury, Buckinghamshire. |
| 590 ## - LOCAL NOTE (RLIN) | |
| Local note | KA |
| 651 #4 - SUBJECT ADDED ENTRY--GEOGRAPHIC NAME | |
| Geographic name | Hertfordshire |
| 651 #4 - SUBJECT ADDED ENTRY--GEOGRAPHIC NAME | |
| Geographic name | Bedfordshire |
| 651 #4 - SUBJECT ADDED ENTRY--GEOGRAPHIC NAME | |
| Geographic name | Buckinghamshire |
| 651 #4 - SUBJECT ADDED ENTRY--GEOGRAPHIC NAME | |
| Geographic name | Oxfordshire |
| 690 ## - LOCAL SUBJECT ADDED ENTRY--TOPICAL TERM (OCLC, RLIN) | |
| Topical term or geographic name as entry element | Commercial property |
| 9 (RLIN) | 6227 |
| 690 ## - LOCAL SUBJECT ADDED ENTRY--TOPICAL TERM (OCLC, RLIN) | |
| Topical term or geographic name as entry element | Residential property |
| 9 (RLIN) | 6266 |
| 942 ## - ADDED ENTRY ELEMENTS (KOHA) | |
| Suppress in OPAC | 0 |
| Withdrawn status | Lost status | Source of classification or shelving scheme | Damaged status | Not for loan | Home library | Current library | Shelving location | Date acquired | Total Checkouts | Full call number | Barcode | Date last seen | Price effective from | Koha item type |
|---|---|---|---|---|---|---|---|---|---|---|---|---|---|---|
| Dewey Decimal Classification | London | London | Journal article | 09/04/2012 | L155715 | 155715-1001 | 06/08/2019 | 06/08/2019 | Journal |